Premier League 24/25 Final Standings - Statistics

General Stats
  • This quiz has been taken 85 times
  • The average score is 16 of 20
Answer Stats
# Answer % Correct
1 Liverpool
100%
2 Arsenal
97%
3 Manchester City
96%
4 Chelsea
93%
5 Newcastle United
89%
6 Aston Villa
87%
15 Manchester United
84%
7 Nottingham Forest
84%
18 (R) Leicester City
81%
17 Tottenham Hotspur
81%
8 Brighton and Hove Albion
79%
20 (R) Southampton
77%
16 Wolverhampton Wanderers
76%
10 Brentford
74%
13 Everton
74%
19 (R) Ipswich Town
73%
14 West Ham United
73%
9 Bournemouth
71%
12 Crystal Palace
71%
11 Fulham
70%
No matching quizzes found
Score Distribution
Percent of People with Each Score
Percentile by Number Answered
Your Score History
You have not taken this quiz